Catalog

Record Details

Catalog Search



Available copies

  • 1 of 1 copy available at LARL/NWRL Consortium.

Current holds

0 current holds with 1 total copy.

Show All Copies
Location Call Number / Copy Notes Barcode Shelving Location Status Due Date
Red Lake Falls Public Library j DAN (Text) 35500003565189 Main Available -

Record details

  • ISBN: 0786817518
  • Physical Description: 137 p. ; 19 cm.
  • Edition: 1st U.S. ed.
  • Publisher: New York : Hyperion, 2004.

Content descriptions

General Note:
"Volo."
Summary, etc.:
While visiting Friendship House, Josie learns that ... Read More
Subject: Horses > England > Juvenile fiction.
Teenage girls > Juvenile fiction.
Riding schools > England > Juvenile fiction.
Genre: Children's stories.
LDR 01408cam a22003013a 4500
00156980
003LARL_NWRL_CONSORTIUM
00520041208083922.0
008040623s2004 nyu 000 0 eng d
020 . ‡a0786817518
035 . ‡a(OCoLC)55702997
042 . ‡alccopycat
1001 . ‡aDaniels, Lucy. ‡0(LARL_NWRL_CONSORTIUM)119009
24510. ‡aFull of hope ‡n#8 / ‡cby Lucy Daniels.
2461 . ‡iAt head of title: ‡aHorseshoe trilogies
250 . ‡a1st U.S. ed.
260 . ‡aNew York : ‡bHyperion, ‡c2004.
300 . ‡a137 p. ; ‡c19 cm.
4900 . ‡aHorseshoe trilogies ; ‡v8
500 . ‡a"Volo."
520 . ‡aWhile visiting Friendship House, Josie learns that Hope's new home is in danger of closing. Josie notices a young girl named Bailey, who loves spending time at the stables. The little girl is very attached to Hope-her only friend. Determined to figure out why the girl is so troubled. Josie decides tovisit more often. She must figure out how to help Bailey and save Friendship House before it is too late.
650 0. ‡aHorses ‡zEngland ‡vJuvenile fiction.
650 0. ‡aTeenage girls ‡vJuvenile fiction. ‡0(LARL_NWRL_CONSORTIUM)175447
650 0. ‡aRiding schools ‡zEngland ‡vJuvenile fiction.
655 0. ‡aChildren's stories.
901 . ‡a56980 ‡bISxN ‡c56980 ‡tbiblio

Additional Resources